000 00710nam a2200217 i 4500
001 115307
003 ES-MaACL
005 20240418063115.0
007 t|
008 070305q19011909sp ||||1| spa d
100 1 _aAlarcón, Pedro Antonio de,
_d1833-1891
_919134
245 1 3 _aEl clavo
_b: causa célebre /
_cPedro A. de Alarcón ; dibujos de R. Carcedo.
260 _aMadrid :
_bB. Rodríguez Serra,
_c[entre 1901 y 1909]
300 _a110 p. :
_bil. ;
_c13 cm.
490 1 _aBiblioteca Mignon ;
_v19
500 _aRetrato del autor.
700 1 _aCarcedo, Rafael.
_9155017
830 0 _aBiblioteca Mignon ;
_v19
_9186216
852 _aES-MaACL
_jF-1201(1)
999 _c115307
_d115307